| 000 | 00756nam a2200205 4500 | ||
|---|---|---|---|
| 001 | 12635 | ||
| 003 | ES-MaACL | ||
| 005 | 20230906150349.0 | ||
| 007 | t| | ||
| 008 | 000000m19849999sp bd ||||0| spa | ||
| 020 | _a84-7232-340-4 | ||
| 080 | _a574(8) | ||
| 100 | 1 |
_aMorello, Jorge. _983256 |
|
| 245 | 1 | 0 |
_aPerfil ecológico de Sudamérica : _bcaracterísticas estructurales de Sudamérica y su relación con espacios semejantes del planeta. _n1 / _cJorge Morello ; edición preparada por Jesús Manuel Martínez. |
| 260 |
_a[Madrid] : _bCultura Hispánica, _c1984. |
||
| 300 |
_a1 v. : _bgráf. col., map. col. ; _c35 cm. |
||
| 650 | 1 | 4 |
_aEcología- _zAmérica del Sur. _911996 |
| 700 | 1 |
_aMartínez, Jesús Manuel. _977756 |
|
| 852 |
_aES-MaACL _jL-19946 |
||
| 999 |
_c12635 _d12635 |
||